000 00483cas a2200145 a 4500
022 _a1020-4555
040 _cJNA
082 _a338 FAO 2013 C101 Or.
245 1 0 _aIntegrated crop management
_bMechanization for rural development : a review of patterns and progress from around the world
300 _avolumes :
_billustrations ;
_c30 cm
650 0 _aCropping systems
650 0 _aAgriculture
710 2 _aFood and Agriculture Organization of the United Nations.
942 _cAEDBB
999 _c20846
_d20846